000 00667nam a2200277Ia 4500
005 20260121124624.0
008 008 260114s9999 xx 000 0 eng d
020 _a9780231553698
037 _aEBOOK
040 _aCRL
040 _beng
040 _cCRL
041 _2eng
041 _aeng
084 _qCRL
100 _aHirschman, Albert o.
_9979117
245 4 _aThe Postwar Economic order
260 _bWalter de Gruyter
260 _bWalter de Gruyter
260 _c2022
650 _aPolitical Science
_9979118
856 _uhttp://www.degruyter.com/isbn/9780231553698
942 _cEBOOK
999 _c1555961
_d1555961